|
|
|
|
| LEADER |
00749nam a2200253 a 4500 |
| 001 |
adlib96000001 |
| 003 |
ViArRB |
| 005 |
20151026131752.0 |
| 008 |
960221s1955 dcuabcdjdbkoqu001 0deng d |
| 020 |
|
|
|a 0-387-08786-9
|
| 022 |
|
|
|
| 040 |
|
|
|a Adlib
|
| 082 |
|
|
|a 678.019
|
| 245 |
|
|
|a Polymer fracture
|
| 250 |
|
|
|
| 260 |
|
|
|a New York
|b Springer-Verlag
|c 1978
|
| 300 |
|
|
|a x,332p.
|
| 500 |
|
|
|a
|
| 100 |
|
|
|a Kausch, H H
|
| 700 |
|
|
|
| 942 |
|
|
|c BK
|6 _
|
| 653 |
|
|
|a polymers and polymerization
|a Polymer
|a Polymers
|a Plastics
|a Organic Chemistry- Synthesis
|a Physical chemistry
|a Polymer science
|a High Polymers
|
| 999 |
|
|
|c 34641
|d 34641
|
| 952 |
|
|
|0 0
|1 0
|4 0
|6 678019_KAU
|7 0
|9 46320
|a UL
|b UL
|d 2010-06-16
|o 678.019 KAU
|p 00017893
|r 2010-06-16
|w 2010-06-16
|y BK
|